| 000 | 00882nam a22001937a 4500 | ||
|---|---|---|---|
| 999 |
_c58660 _d58660 |
||
| 003 | Ge_BSU | ||
| 005 | 20220623131504.0 | ||
| 008 | 220623s2013 ge ||||| |||| 00| 0 geo d | ||
| 020 | _a9789994050222 | ||
| 041 | _ageo | ||
| 080 | _a94(100)(075.8) ს-25 | ||
| 100 |
_aსანაძე, მანანა _912118 |
||
| 245 |
_aშესავალი მსოფლიო ისტორიაში : _bსახელმძღვანელო. წ. 2 / _cმანანა სანაძე ; მთ. რედ. თამაზ ბერაძე. |
||
| 264 |
_aთბილისი : _b საქ. უნ-ტის გამ-ბა, _c2013. |
||
| 300 |
_a443 გვ. : _bფოტ.; _c29 სმ. |
||
| 653 | _aმსოფლიო ისტორია | ||
| 700 |
_aბერაძე, თ. (თამაზ) _e რედაქტორი _914209 |
||
| 942 |
_2udc _cBK |
||